Quizzes
Events
Quiz Creation
Community
Videos
Private Events
Remove Ads
Sign In
Join for FREE
Feedback
Dark Mode
Quiz Categories
Sports
Geography
Music
Movies
Television
Just For Fun
Miscellaneous
History
Literature
Language
Science
Gaming
Entertainment
Religion
Holiday
For Kids
Quiz Lab
Recent
Popular Today
Quiz Kudos Today
Editor Picks
Curator Picks
Quizzes by...
Day
Popularity
Type
Ratings
Length
Year
Community
Subscriptions
Recent Discussions
Orange Saloon
Badges
Playlists
Quests
Create
Leaderboards
Showdown
Live 5
Trivia Bingo
Activity
Puzzle Library
Sporcle Events
Private Events
Virtual Trivia
Globe League
Become a Host
Pub Owners
SporcleCon
Opinionation
Our Games
Videos
Blog
Mobile Apps
Partnerships
Remove Ads and Go Orange
Feedback
Sports
Athletes
MLB
NBA
NHL
NFL
Soccer
Sports Teams
WWE
NCAA
Football
Premier League
Basketball
Baseball
Hockey
Golf
Tennis
Cricket
Rugby
Auto Racing
Olympics
World Cup
Sports
Athletes
MLB
NBA
NHL
NFL
Soccer
Sports Teams
WWE
NCAA
Football
Premier League
Basketball
Baseball
Hockey
Golf
Tennis
Cricket
Rugby
Auto Racing
Olympics
World Cup
Random Quiz
Search Sporcle
×
Quiz Lab
Quiz Lab
Sports
Judaism
Type in answers that appear in a list
Type in answers that appear in a list
Classic
Best Score? Go Orange.
Jews in Sports (2010-2011) Stats
Can you name the Jews in Sports (2010-2011)?
By
3knamix
10m
32 Questions
168 Plays
168 Plays
168 Plays
Comments
Comments
Give Quiz Kudos
Give Quiz Kudos
-
- Ratings
hide this ad
More Info
Replay
Link that replays current quiz
Next Quiz
Link to next quiz in quiz playlist
You Got
0%
They Got
Avg Score
12%
Avg Friend Score
Upgrade to see
Score Distribution
Jump to the score distribution portion of the page
Score
0/32
Timer
10:00
0
Plays Today
Sport
% Correct
NBA
Omri Casspi
46.4%
MLB
Ryan Braun
46.4%
MLB
Kevin Youkilis
44.6%
NBA
Jordan Farmar
42.3%
MLB
Ian Kinsler
34.5%
NBA
Amar'e Stoudemire
28.6%
MLB
Ike Davis
19%
MLB
Gabe Kapler
19%
MLB
Jason Marquis
17.3%
NFL
Adam Goldberg
16.1%
NFL
Sage Rosenfels
13.1%
MLB
Scott Feldman
7.7%
NBA
Jon Scheyer
7.1%
MLB
Sam Fuld
7.1%
MLB
Adam Stern
7.1%
MLB
Craig Breslow
6.5%
Sport
% Correct
MLB
Danny Valencia
6.5%
NFL
Taylor Mays
6%
MLB
John Grabow
4.2%
NFL
Lennie Friedman
3.6%
NFL
Geoff Schwarts
3.6%
NFL
Mike Seidman
3.6%
MLB
Scott Schoeneweis
3%
MLB
Jason Hirsh
1.8%
NFL
David Binn
1.8%
NFL
Kyle Kosier
1.8%
MLB
Aaron Poreda
1.2%
MLB
Josh Whitesell
1.2%
NFL
Antonio Garay
1.2%
NBA
Sylven Landesberg
0.6%
MLB
Brian Horwitz
0.6%
NFL
Erik Lorig
0.6%
Quiz Playlist
Details
Report
Send in Message
Add To Playlist
More Info:
THERE ARE NO JEWS IN THE NHL
Classic:
Type in answers that appear in a list
Last Updated: Feb 16, 2017
Quiz Scoreboard
CHALLENGE
Sign Up to Join the Scoreboard
Show All
Scores
Hide
Comments
May contain spoilers
Recently Published
College Basketball Coaching Resumes
by pancakes188
Sports
9m
Billboard Blitz: Fleetwood Mac
by CooCooCachoo
Music
15s
Presidents Visiting Landmarks
by Hejman
History
7m
More to Explore
Quiz From the Vault
Featured Blog Post
Where Did the Easter Bunny Come From?
hide this ad
You Might Also Like...
Tags
Judaism Quiz
Jewish
Today's Top Quizzes in Sports
Browse Sports
hide this ad
Today's Top Quizzes in Judaism
Browse Judaism
Top Contributed Quizzes in Sports
1
2022 World Cup Stars
2
Les meilleurs buteurs des matchs entre le PSG et l’OM
3
FIFA Club World Cup Champions
4
Les entraîneurs de l'OM et du PSG au 21e siècle
5
Criteria MLB: Left Handed Sluggers
6
AFC Teams Reveal (Wrong Answers Minefield)
7
2023 MLB Unique Player Accomplishments
8
Players with Multiple 50 Home Run Seasons
9
5-to-1: FBS Animal Nicknames
10
5-to-1: UK Sports Teams
Explore More
Trending Topics
Kpop
Disney
Harry Potter
Crossword
Marvel
Anime
NBA
NFL
Song
Pokémon
Country
WWE
The Office
Puzzle
Soccer
hide this ad
More By:
3knamix
Quiz
Plays
Rating
Category
Featured
Created
The 2000s: a decade of Elite Eights
10,130
3.96
Sports
Mar 27, 2010
Food by picture: Speed Challenge
9,114
1.71
Just For Fun
Apr 5, 2010
The FUNNY PUNNY challenge!
1,164
3.33
Just For Fun
Jan 27, 2011
The Odd One Out......In Two Minutes
994
2.75
Just For Fun
Apr 7, 2010
2000s: A decade of NCAAM Title Games
735
3.50
Sports
Apr 4, 2010
Go to Creator's Profile
Score Distribution
Quiz Creator Spotlight
3knamix
Follow
Send a Message
Quizzes Created
-
Created Quiz Play Count
-
More By This Creator
Popular Quizzes Today
1
Find the US States - No Outlines Minefield
2
Find the Countries of Europe - No Outlines Minefield
3
The Countries of the World
4
Find the US States
5
Risky Map Clicking: Biggest States A-Z
6
US States
7
Popular People in 1961
8
Movies - When Are They Set?
More Sports Quizzes
Top 100 Active NHL Point, Goal, Assist Leaders
Quiz Lab
Trending Quizzes
Risky Map Clicking: Least Populous States A-Z
1-10 Letter G Words
1-10 Letter F Words
Risky Map Clicking: Next State Alphabetically
Risky Map Clicking: Biggest States A-Z
Recently Updated
Leaping Animals
pecheneg
Reality TV Shows (A-Z)
bhenderson79
Rickey Henderson's Hall of Fame Teammates
pecheneg
Champions League XIs: Arsenal
pecheneg
Quick Pick: Celebrities in WWE's Hall of Fame
aduchscher
A-Z Keypad Blitz II
pecheneg
Multiple Oscar Actors
pecheneg
Mystery Phrase Blitz: Oscar 'Best Actors'
pecheneg
F. Scott Fitzgerald Novels
LTH
Pick 3 Villains
ddd62291
Trending Topics
Kpop
NBA
Harry Potter
Disney
Crossword
Anime
Marvel
Puzzle
Soccer
NFL
Pokémon
Country
Song
The Office
WWE
Your Account Isn't Verified!
In order to create a playlist on Sporcle, you need to verify the email address you used during registration. Go to your
Sporcle Settings
to finish the process.
Report this User
Report this user for behavior that violates our
Community Guidelines
.
Details:
Send Report
Go to the Sporcle.com Mobile Site →
Comments